| 000 | 01129cam a2200241 a 4500 | ||
|---|---|---|---|
| 999 |
_c1495 _d1495 |
||
| 003 | CoMeUDC | ||
| 005 | 20220209160409.0 | ||
| 008 | 120504s2012 ck gr 000 0 spa d | ||
| 020 | _a9789588757100 | ||
| 040 |
_aCO-BoUEC _cCO-UdeC |
||
| 082 | 0 | 4 |
_a350 _bR741 |
| 100 | 1 | _aRojas López, Juan Gabriel | |
| 245 | 1 | 4 |
_aLos presupuestos procesales en el derecho procesal administrativo : _bestudio comparativo de los presupuestos procesales en el derecho procesal administrativo a la luz del decreto 01 de 1984 y de la ley 1437 de 2011 / _cJuan Gabriel Rojas López. |
| 260 |
_aMedellín : _bLibrería Jurídica Sánchez, _c2012. |
||
| 300 |
_a131 p. ; _c24 cm. |
||
| 504 | _aIncluye bibliografía. | ||
| 505 | 2 | _aPresupuesto procesal de la capacidad -- La conciliación extrajudicial en derecho -- Juez competente -- Presentación oportuna de la demanda -- Interposición de recursos obligatorios -- La demanda en forma -- Presupuestos procesales especiales. | |
| 546 | _aEspañol | ||
| 650 | 1 | 4 | _aProcedimiento administrativo |
| 650 | 1 | 0 |
_aDerecho procesal administrativo _91970 |
| 650 | 1 | 4 | _aPresupuesto |
| 942 |
_2ddc _cBK |
||